مكتبة جامعة عجلون الوطنية

فهرس بحث المكتبة

Normal view MARC view
  • Lawrence d.h.(david harbart ) 1885-1930. sons and lovers

Entry Topical Term

Number of records used in: 1

001 - CONTROL NUMBER

  • control field: 5463

003 - CONTROL NUMBER IDENTIFIER

  • control field: JO-AjAnu

005 - DATE AND TIME OF LATEST TRANSACTION

  • control field: 20230606071204.0

008 - FIXED-LENGTH DATA ELEMENTS

  • fixed length control field: 230606|| aca||aabn | a|a d

040 ## - CATALOGING SOURCE

  • Original cataloging agency: JO-AjAnu
  • Transcribing agency: JO-AjAnu

150 ## - HEADING--TOPICAL TERM

  • Topical term or geographic name entry element: Lawrence d.h.(david harbart ) 1885-1930. sons and lovers

670 ## - SOURCE DATA FOUND

  • Source citation: Work cat.: (JO-AjAnu)2821: Lawrence، D. H. ؛ Edited James Gibson, Angele Botos Samaan, author 5462, Sons and Lovers